000 00545nam a22001817a 4500
003 NUST
005 20260311133605.0
008 260311b ||||| |||| 00| 0 eng d
020 _a 978-3642540981
082 _a550
_bFAB
100 _a Peter Fabian, Martin Dameris.
_9133641
245 _aOzone in the Atmosphere: Basic Principles, Natural and Human Impacts /
_c Peter Fabian, Martin Dameris.
250 _a2014th Edition
260 _aBerlin:
_bSpringer,
_c2014.
300 _a147 p ;
_c30.3 cm
563 _aHardcover
942 _2ddc
_cBK
999 _c616603
_d616603